Louis Tomlinson Live Album - Statistics

General Stats
  • This quiz has been taken 54 times
  • The average score is 11 of 18
Answer Stats
Song Live From % Correct
Live Album The Greatest London
98%
Live Album Chicago Chicago
89%
Live Album Saturdays Paris
82%
Live Album We Made It Manila
73%
Live Album Fearless Rio
70%
Live Album All This Time / She Is Beauty We Are World Class Munich
66%
Live Album Face The Music Nashville
66%
Live Album Silver Tongues Krakow
64%
Live Album Common People Sheffield
64%
Live Album Holding On To Heartache Barcelona
61%
Live Album Walls Buenos Aires
61%
Live Album (Physical Copies) High In California Amsterdam
57%
Live Album Bigger Than Me Vancouver
55%
Live Album Written All Over Your Face Budapest
50%
Live Album Out Of My System Brisbane
45%
Live Album (Physical Copies) Only The Brave Milan
43%
Live Album (Physical Copies) Kill My Mind Santiago
41%
Live Album (Physical Copies) Where Do Broken Hearts Go Tallinn
27%
No matching quizzes found
Score Distribution
Percent of People with Each Score
Percentile by Number Answered
Your Score History
You have not taken this quiz